Respuestas jurd̕icas frente a la corrupcin̤ polt̕ica

Detalles Bibliográficos
Autor principal: Morillas Cueva, Lorenzo
Formato: eBook
Lenguaje:español
Publicado: Madrid: Dykinson, 2020
Materias:
Acceso en línea:Acceso restringido

MARC

LEADER 00000nam a22000007a 4500
005 20210823133128.0
007 cr|||| ||||
008 210823s2020 es |||||s|||| 00||0 spa d
020 |a 978-84-1377-533-3 
035 |a 35102 
040 |a vLex 
090 |c 12115  |d 12115 
100 1 |a Morillas Cueva, Lorenzo 
245 1 0 |a Respuestas jurd̕icas frente a la corrupcin̤ polt̕ica  |h [Recurso electrn̤ico] /  |c Lorenzo Morillas Cueva 
256 |a Servicio en ln̕ea 
260 |a Madrid:  |b Dykinson,  |c 2020 
300 |a 1 recurso electrn̤ico 
506 1 |a Disponible solo en los productos indicados  |d vLex Global  |d vLex Global (Academic Edition, excluding Law Schools)  |d vLex Global (U.S. Academic Edition, Law Schools)  |d vLex Global (U.S. Academic Edition, excluding Law Schools)  |d vLex Global (Academic Edition, Law Schools) 
650 0 4 |a Derecho Penal  |z Espaą 
650 0 4 |a Ciencia polt̕ica  |z Espaą 
740 0 |a vLex Libros (Servicio en ln̕ea) 
856 4 0 |u https://app.vlex.com/#/sources/5102  |z Acceso restringido 
942 |c BOOK 
999 0 |a Criminal Law 
999 0 |a Political science